| 000 | 00734nam a22001937a 4500 | ||
|---|---|---|---|
| 010 | _a1718CH-EN | ||
| 020 |
_a9781847495723 _c399.00 |
||
| 035 | _aB-673016-3027 | ||
| 037 |
_aDPL _bBloomsbury |
||
| 082 | _aS | ||
| 100 | _aBuzzati, Dino | ||
| 245 |
_aThe bear's famous invasion of sicily / _cwritten and illustrated by Dino Buzzati; translated by Frances Lobb |
||
| 260 |
_aLondon _bAlma Books _c2016 |
||
| 270 |
_a3 Castle Yard, Richmond, Surrey TW10 6TF _bUnited Kingdom |
||
| 300 |
_a171p. _c23cm(pbk) |
||
| 700 | _aLobb, Frances | ||
| 942 |
_2ddc _cCH _mBUZ _hS |
||
| 999 |
_c141493 _d141493 |
||